Statistics for Anagrams of US states and capitals

Click here to take the quiz!

General Stats

  • This quiz has been taken 23 times
  • The average score is 4 of 10

Answer Stats

HintAnswer% Correct
Axe pain horizonArizona phoenix
80%
Scan wind omissionmadison wisconsin
65%
Rode red volcanoDenver colorado
55%
Go solemn erasalem oregon
55%
Amalgamate my boronmontgomery alabama
50%
Horsetail flea saladTallahassee florida
35%
Secondary vain catcarson city nevada
30%
Only as Mandarin palAnnapolis maryland
20%
Anneal hot namehelena montana
20%
Actuate hilly tasksalt lake city utah
15%

Score Distribution

Percentile by Number Answered

Percent of People with Each Score

Your Score History

You have not taken this quiz